000
00302nam a22001337a 4500
008
170525b xxu||||| |||| 00| 0 eng d
020
_a
0830696776
041
_a
eng
080
_a
621.38
100
_a
26
101
_a
IM
245
_a
DIGITAL ELECTRONICS TROUBLESHOOTING
_c
CARR,J.J
942
_2
udc
_c
BK
999
_c
14259
_d
14259